El descubrimiento de América. (Record no. 178392)

MARC details
000 -LEADER
campo de control de longitud fija 00787nam a22002055i 4500
001 - NÚMERO DE CONTROL
campo de control 178392
003 - IDENTIFICADOR DE NÚMERO DE CONTROL
campo de control ES-MaACL
005 - FECHA Y HORA DE LA ÚLTIMA TRANSACCIÓN
campo de control 20240514175550.0
008 - DATOS DE LONGITUD FIJA--INFORMACIÓN GENERAL
campo de control de longitud fija 110526s1968 sp |||| | spa d
080 ## - NÚMERO DE LA CLASIFICACIÓN DECIMAL UNIVERSAL
Número de la Clasificación Decimal Universal 910.4(7/8)"14"
245 03 - MENCIÓN DEL TÍTULO
Título El descubrimiento de América.
260 ## - PUBLICACIÓN, DISTRIBUCIÓN, ETC.
Lugar de publicación, distribución, etc. Madrid :
Nombre del editor, distribuidor, etc. Delblan,
Fecha de publicación, distribución, etc. D. L. 1968.
300 ## - DESCRIPCIÓN FÍSICA
Extensión 16 p. ;
Dimensiones 16 cm.
490 1# - MENCIÓN DE SERIE
Mención de serie Mosaico cultural : colección de temas instructivos. 9. Anécdotas de la historia de España ;
Designación de volumen o secuencia 1
500 ## - NOTA GENERAL
Nota general Encuadernado con otros títulos.
651 #4 - PUNTO DE ACCESO ADICIONAL DE MATERIA--NOMBRE GEOGRÁFICO
Nombre geográfico América-
Subdivisión general Descubrimientos y exploraciones-
-- Españoles.
9 (RLIN) 138324
830 0# - PUNTO DE ACCESO ADICIONAL DE SERIE-TÍTULO UNIFORME
Título uniforme Mosaico cultural: colección de temas instructivos. Anécdotas de la historia de España
Designación de volumen o secuencia 1
9 (RLIN) 190950
852 ## - LOCALIZACIÓN
Ubicación ES-MaACL
Número de control de estantería E-15196 (1)
Encuadernación Olim P-1923
Holdings
Estatus retirado Estado de pérdida Estado de daño No para préstamo Biblioteca de origen Biblioteca actual Ubicación en estantería Fecha de adquisición Fuente de adquisición Total de préstamos Signatura topográfica completa Código de barras Visto por última vez Precio de reemplazo Tipo de ítem Koha
        Biblioteca del Ateneo de Madrid Biblioteca del Ateneo de Madrid Depósito 2 26/05/2011     E-15196 (1) 1187389 23/02/2023 23/02/2023 Libro impreso